000 01317nam a2200397 c 4500
001 8492
003 ES-MaCES
005 20141221121943.0
008 990305s1998 sp l 000 | spa d
017 _aM 31004-1998
_bDL
020 _a8447010988
035 _aCES19990003508m
040 _aES-MaCES
_bspa
_cES-MaCES
110 1 _aEspaña
_tLeyes, etc., de circulación de vehículos de motor
_93077
245 1 0 _aLegislación sobre tráfico, circulación y seguridad vial
_cedición preparada por Estrella Rivera Menor
250 _a16ª ed. [act. a sept. de 1998]
260 _aMadrid
_bCivitas
_c1998
300 _a689, 31 p.
_c16 cm
490 1 _aBiblioteca de legislación
_v4
500 _aÍndices
541 _cCompra
650 4 _acirculación
_928069
650 4 _atráfico por carretera
_928067
650 4 _avehículo a motor
_928041
650 4 _aseguridad
_928751
650 4 _aEspaña
_926964
650 4 _alegislación
_927153
650 4 _atexto
_929624
653 1 0 _aLegislación
700 1 _aRivera Menor, Estrella
_eed. lit.
_922127
775 0 _tLegislación sobre tráfico, circulación y seguridad vial
_w(ES-MaCES)9642
830 0 _aBiblioteca de legislación
_v4
_932132
902 _aLIB Libro
942 _2CES
_cBK
_h6.1.
999 _c8492
_d8492